[Event "Dvorkovich Memorial op"]
[Site "Taganrog"]
[Date "2019.01.13"]
[Round "4"]
[White "Demkovich, Anatoliy"]
[Black "Erimov, Daniil"]
[Result "1-0"]
[WhiteElo "2407"]
[BlackElo "1435"]
[PlyCount "43"]
[EventDate "2019.01.10"]
[EventType "swiss"]
[EventRounds "9"]
[EventCountry "RUS"]
[SourceTitle "CBM 188 Extra"]
[Source "ChessBase"]
[SourceDate "2019.02.26"]
[SourceVersion "1"]
[SourceVersionDate "2019.02.26"]
[SourceQuality "1"]

1. e4 e6 2. d4 d5 3. Nc3 Bb4 4. exd5 Qxd5 5. Nf3 Nf6 6. Bd3 0-0 7. 0-0 Bxc3 8. bxc3 Nc6 9. Bf4 Qa5 10. Rb1 Qxc3 11. Bxc7 b6 12. Rb3 Qa5 13. Be5 Ba6 14. Bxa6 Qxa6 15. Bxf6 gxf6 16. Qd2 Ne7 17. Qh6 Qa5 18. Qxf6 Nd5 19. Qh6 Ne7 20. Ng5 Qf5 21. Rg3 Kh8 22. Nxh7 1-0

[Event "Dvorkovich Memorial rapid op"]
[Site "Taganrog"]
[Date "2018.01.14"]
[Round "11"]
[White "Demkovich, Anatoliy"]
[Black "Hasangatin, Ramil"]
[Result "1-0"]
[WhiteElo "2407"]
[BlackElo "2502"]
[PlyCount "183"]
[EventDate "2018.01.13"]
[EventType "swiss (rapid)"]
[EventRounds "11"]
[EventCountry "RUS"]
[SourceTitle "CBM 182 Extra"]
[Source "ChessBase"]
[SourceDate "2018.02.23"]
[SourceVersion "1"]
[SourceVersionDate "2018.02.23"]
[SourceQuality "1"]

1. e4 d5 2. Nc3 dxe4 3. Nxe4 Bf5 4. Qf3 Bxe4 5. Qxe4 c6 6. d4 Nf6 7. Qd3 Qb6 8. Nf3 Nbd7 9. Qb3 e6 10. Qxb6 axb6 11. Be2 b5 12. 0-0 Bd6 13. c3 Nd5 14. Bd2 Bf4 15. Rfd1 Bxd2 16. Rxd2 Ke7 17. a3 Ra7 18. Re1 h6 19. g3 Kd6 20. Ne5 Nxe5 21. dxe5+ Ke7 22. c4 bxc4 23. Bxc4 Ra5 24. Re4 Rd8 25. Red4 Rd7 26. f4 Nb6 27. Rxd7+ Nxd7 28. Kf2 Nb6 29. Be2 Rc5 30. h4 Rc1 31. Bd3 Nd5 32. Kf3 Re1 33. Re2 Rd1 34. Bc2 Rf1+ 35. Rf2 Rc1 36. Rd2 Nb6 37. Bd3 Na4 38. Ke3 Re1+ 39. Kf2 Ra1 40. Ke3 Rh1 41. Re2 Nb6 42. Rc2 Nd5+ 43. Kf3 Ra1 44. Rd2 Nb6 45. Ke3 Rc1 46. Ke2 Rh1 47. Kf3 Nd7 48. Rc2 g5 49. hxg5 hxg5 50. Kg2 Rd1 51. Be2 Rd4 52. Kf3 gxf4 53. gxf4 Nb6 54. Ke3 Rd8 55. Bf3 Rh8 56. b3 Rh3 57. Rf2 Nd5+ 58. Ke4 Rh4 59. Bg2 Rh2 60. Kf3 Rh8 61. a4 Ra8 62. Ke4 Rh8 63. Kd4 Rd8 64. Kc5 Rd7 65. Bxd5 exd5 66. f5 d4 67. Kb6 d3 68. Rd2 Rd4 69. Kxb7 Rb4+ 70. Kxc6 Rxb3 71. Kc5 Rb1 72. Rxd3 Rf1 73. f6+ Ke6 74. Re3 Rc1+ 75. Kb4 Kd5 76. a5 Rb1+ 77. Ka4 Kc4 78. Re4+ Kd5 79. Re2 Kc4 80. Rc2+ Kd5 81. Rc7 Kxe5 82. Rxf7 Ke6 83. Rf8 Rb2 84. a6 Rb1 85. Ka5 Ra1+ 86. Kb6 Rb1+ 87. Ka7 Ra1 88. Kb7 Rb1+ 89. Ka8 Ra1 90. a7 Rb1 91. Rb8 Ra1 92. Rb6+ 1-0

[Event "Dvorkovich Memorial rapid op"]
[Site "Taganrog"]
[Date "2018.01.13"]
[Round "3"]
[White "Demkovich, Anatoliy"]
[Black "Sarana, Alexey"]
[Result "0-1"]
[WhiteElo "2407"]
[BlackElo "2562"]
[PlyCount "112"]
[EventDate "2018.01.13"]
[EventType "swiss (rapid)"]
[EventRounds "11"]
[EventCountry "RUS"]
[SourceTitle "CBM 182 Extra"]
[Source "ChessBase"]
[SourceDate "2018.02.23"]
[SourceVersion "1"]
[SourceVersionDate "2018.02.23"]
[SourceQuality "1"]

1. Nf3 d5 2. b3 Nf6 3. Bb2 g6 4. c4 Bg7 5. cxd5 0-0 6. e3 b6 7. Be2 Bb7 8. 0-0 Nbd7 9. Qc2 Nxd5 10. Bxg7 Kxg7 11. Nc3 c5 12. Nxd5 Bxd5 13. d4 Rc8 14. dxc5 Bxf3 15. Bxf3 Nxc5 16. Rfd1 Qc7 17. Rac1 a5 18. a3 Qb8 19. b4 axb4 20. axb4 Ne6 21. Qb2+ Kg8 22. Bd5 Rxc1 23. Rxc1 Qd6 24. Bxe6 Qxe6 25. Qd4 Rc8 26. Rxc8+ Qxc8 27. h4 Qc1+ 28. Kh2 Qc7+ 29. g3 h5 30. Kg1 e6 31. Kf1 Kf8 32. Ke2 Ke7 33. Kd2 Qc6 34. Qc3 Qd5+ 35. Ke2 Kd6 36. Qd3 Kc6 37. e4 Qb5 38. Ke3 Qxb4 39. Qd8 Qc5+ 40. Kf3 Qd6 41. Qa8+ Kd7 42. Ke3 Qc5+ 43. Ke2 Ke7 44. Qa7+ Kf6 45. Qa1+ Qe5 46. Qb1 Qd4 47. f4 Ke7 48. Kf3 Qc3+ 49. Kg2 Qc5 50. Kf3 b5 51. Qa1 b4 52. Qa6 Qc3+ 53. Ke2 Qxg3 54. Qb7+ Kf6 55. e5+ Kg7 56. Qxb4 Qxh4 0-1

[Event "Dvorkovich Memorial rapid op"]
[Site "Taganrog"]
[Date "2018.01.13"]
[Round "6"]
[White "Timofeev, Artyom"]
[Black "Demkovich, Anatoliy"]
[Result "1-0"]
[WhiteElo "2563"]
[BlackElo "2407"]
[PlyCount "83"]
[EventDate "2018.01.13"]
[EventType "swiss (rapid)"]
[EventRounds "11"]
[EventCountry "RUS"]
[SourceTitle "CBM 182 Extra"]
[Source "ChessBase"]
[SourceDate "2018.02.23"]
[SourceVersion "1"]
[SourceVersionDate "2018.02.23"]
[SourceQuality "1"]

1. e4 c5 2. Nf3 g6 3. d4 cxd4 4. Nxd4 Bg7 5. c4 Nc6 6. Be3 Nf6 7. Nc3 0-0 8. Nc2 d6 9. Be2 b6 10. 0-0 Bb7 11. Qd2 Rc8 12. f3 Nd7 13. b3 a6 14. Rac1 Re8 15. Rfd1 Qc7 16. Nd5 Qd8 17. Bg5 Nc5 18. Kh1 Ba8 19. Bf1 Rb8 20. b4 Ne6 21. Be3 Ne5 22. h3 a5 23. a3 axb4 24. axb4 Nd7 25. Na3 Nc7 26. Bg5 Ne6 27. Be3 Nc7 28. Nb1 Bc6 29. Nbc3 h5 30. Ra1 Rb7 31. Ra3 Bxd5 32. cxd5 Qb8 33. Qa2 e6 34. dxe6 Nxe6 35. Nb5 Ne5 36. f4 Nc6 37. Nxd6 Rd7 38. Nxe8 Rxd1 39. Ra8 Rxf1+ 40. Kh2 Ra1 41. Rxb8 Nxb8 42. Qd5 1-0

[Event "Dvorkovich Memorial op"]
[Site "Taganrog"]
[Date "2017.01.20"]
[Round "8"]
[White "Demkovich, Anatoliy"]
[Black "Papin, Vasily"]
[Result "1-0"]
[WhiteElo "2394"]
[BlackElo "2455"]
[PlyCount "79"]
[EventDate "2017.01.13"]
[EventType "swiss"]
[EventRounds "9"]
[EventCountry "RUS"]
[SourceTitle "CBM 176 Extra"]
[Source "ChessBase"]
[SourceDate "2017.03.02"]
[SourceVersion "1"]
[SourceVersionDate "2017.03.02"]
[SourceQuality "1"]

1. Nf3 c5 2. c4 Nf6 3. Nc3 e6 4. g3 b6 5. Bg2 Bb7 6. 0-0 d6 7. d4 cxd4 8. Qxd4 a6 9. Bg5 Nbd7 10. Rfd1 Be7 11. Bxf6 Nxf6 12. Na4 Rb8 13. c5 bxc5 14. Nxc5 0-0 15. Nxb7 Rxb7 16. Ne5 d5 17. Nc6 Qa8 18. Rac1 Bd8 19. Nxd8 Rxd8 20. e4 Qb8 21. b3 Rb4 22. Qd3 Nxe4 23. Bxe4 Rxe4 24. Qxa6 h5 25. Rc3 h4 26. f3 Rb4 27. Kg2 Qe5 28. Qd3 d4 29. Rc2 hxg3 30. hxg3 g6 31. Re2 Qb8 32. Rxe6 Kg7 33. Re4 Rd5 34. g4 f5 35. Re7+ Kf6 36. Rde1 Rb6 37. Qc4 Qd8 38. gxf5 Rxf5 39. Rf7+ Kg5 40. Qc1+ 1-0

[Event "Dvorkovich Memorial op"]
[Site "Taganrog"]
[Date "2017.01.18"]
[Round "6"]
[White "Demkovich, Anatoliy"]
[Black "Esipenko, Andrey"]
[Result "1-0"]
[WhiteElo "2394"]
[BlackElo "2497"]
[PlyCount "107"]
[EventDate "2017.01.13"]
[EventType "swiss"]
[EventRounds "9"]
[EventCountry "RUS"]
[SourceTitle "CBM 176 Extra"]
[Source "ChessBase"]
[SourceDate "2017.03.02"]
[SourceVersion "1"]
[SourceVersionDate "2017.03.02"]
[SourceQuality "1"]

1. Nf3 d5 2. b3 Nf6 3. Bb2 e6 4. c4 Be7 5. g3 0-0 6. Bg2 b6 7. 0-0 Bb7 8. cxd5 exd5 9. d4 Nbd7 10. Nc3 a6 11. Ne5 Bd6 12. f4 c5 13. e3 cxd4 14. exd4 Ne4 15. Nxe4 dxe4 16. Qe2 Nf6 17. g4 a5 18. g5 Bxe5 19. fxe5 Ba6 20. Qe3 Nd5 21. Qxe4 Bxf1 22. Rxf1 Nc7 23. h4 Qd7 24. d5 Rad8 25. Rd1 Ne6 26. Kh2 Nc5 27. Qd4 Qe7 28. Bf3 Rfe8 29. Rg1 Qc7 30. Rc1 Qd7 31. Rf1 Qf5 32. Be2 Qe4 33. Qxe4 Nxe4 34. Bb5 Re7 35. d6 Nxd6 36. exd6 Rxd6 37. Bc1 h6 38. gxh6 gxh6 39. Rg1+ Kh7 40. Rg3 f5 41. Bd3 Rd5 42. Bc4 Rd8 43. Bd3 Rd5 44. Bc4 Rd8 45. Kh3 Rg7 46. Rxg7+ Kxg7 47. Be3 Rd6 48. Bf4 Rc6 49. a4 Kg6 50. Kg3 Rc8 51. h5+ Kh7 52. Be5 f4+ 53. Kxf4 Rf8+ 54. Ke4 1-0

[Event "Dvorkovich Memorial op"]
[Site "Taganrog"]
[Date "2016.01.25"]
[Round "8.17"]
[White "Korchmar, Vasiliy"]
[Black "Demkovich, Anatoliy"]
[Result "1-0"]
[WhiteElo "2405"]
[BlackElo "2401"]
[PlyCount "93"]
[EventDate "2016.01.18"]
[EventType "swiss"]
[EventRounds "9"]
[EventCountry "RUS"]
[SourceTitle "EXT 2018"]
[Source "ChessBase"]
[SourceDate "2017.10.13"]
[SourceVersion "1"]
[SourceVersionDate "2017.10.13"]
[SourceQuality "1"]

1. d4 d5 2. c4 Nc6 3. cxd5 Qxd5 4. e3 e5 5. Nc3 Bb4 6. a3 Bxc3+ 7. bxc3 Nf6 8. c4 Qd6 9. d5 Ne7 10. a4 c6 11. Ba3 Qd8 12. Nf3 Bg4 13. Qb3 cxd5 14. cxd5 0-0 15. Nxe5 Nexd5 16. Bc4 Qa5+ 17. Kf1 Ne4 18. Kg1 Nxe3 19. Qxe3 Qxe5 20. Re1 Rfd8 21. Qxe4 Qxe4 22. Rxe4 Rd1+ 23. Bf1 Be6 24. h4 Ra1 25. Bb2 Rb1 26. Be5 Rc8 27. f3 Rc2 28. Bf4 Ra2 29. Kh2 Raa1 30. Be5 Bd5 31. Bxa1 Bxe4 32. Bb5 Rxh1+ 33. Kxh1 Bd5 34. Kg1 f6 35. Kf2 b6 36. Bd4 Kf7 37. a5 bxa5 38. Bxa7 h5 39. Ke3 Bb3 40. Bc5 a4 41. Kd4 g5 42. hxg5 fxg5 43. Bc4+ Kf6 44. Bxb3 axb3 45. Ke4 Kg6 46. Bd4 h4 47. Bb2 1-0

[Event "Donetsk Amitan Memorial GM 4th"]
[Site "Donetsk"]
[Date "2011.12.12"]
[Round "7"]
[White "Demkovich, Anatoliy"]
[Black "Bogdanovich, Stanislav"]
[Result "0-1"]
[WhiteElo "2410"]
[BlackElo "2510"]
[PlyCount "114"]
[EventDate "2011.12.08"]
[EventType "tourn"]
[EventRounds "9"]
[EventCountry "UKR"]
[EventCategory "9"]
[SourceTitle "CBM 145 Extra"]
[Source "ChessBase"]
[SourceDate "2012.01.03"]
[SourceVersion "1"]
[SourceVersionDate "2012.01.03"]
[SourceQuality "1"]

1. e4 e5 2. Nf3 Nc6 3. Nc3 Nf6 4. g3 Bc5 5. Bg2 d6 6. d3 a6 7. Be3 0-0 8. 0-0 Ng4 9. Bxc5 dxc5 10. Nd5 Be6 11. Ne1 Ne7 12. Qe2 Nh6 13. Ne3 Qd4 14. c3 Qd6 15. f4 f6 16. f5 Bc8 17. Rd1 a5 18. g4 Nf7 19. Nf3 b6 20. Nc4 Qc6 21. g5 Ba6 22. gxf6 gxf6 23. Ne3 Kh8 24. c4 Rg8 25. b3 Qd6 26. Kh1 Nc6 27. Rf2 Rg7 28. Bh3 Ng5 29. Nxg5 Rxg5 30. Rg2 Nd4 31. Qf2 Rxg2 32. Bxg2 Bb7 33. Qh4 Rg8 34. Re1 Rg5 35. Qh6 Qe7 36. Qh3 Qg7 37. Bf3 Qd7 38. Bg4 Kg8 39. Rf1 Kg7 40. Bd1 Kh8 41. Qh6 Qg7 42. Qh4 Bc6 43. Qh3 Be8 44. Qh4 Bc6 45. Qh3 Ba8 46. Qh4 Bb7 47. Qh3 Nc6 48. a3 Nd4 49. Qh4 Ba8 50. Qh3 Bb7 51. Qh4 Nc6 52. Qh3 Ne7 53. Qh4 Ng8 54. Ng4 Bc6 55. Qh3 Qd7 56. Qf3 h5 57. Qh3 Rxf5 0-1

[Event "UKR-chT Clubs"]
[Site "Alushta"]
[Date "2011.05.15"]
[Round "3.4"]
[White "Plaksin, Valeriy"]
[Black "Demkovich, Anatoliy"]
[Result "0-1"]
[WhiteElo "2190"]
[BlackElo "2424"]
[PlyCount "128"]
[EventDate "2011.05.13"]
[EventType "team-tourn"]
[EventRounds "9"]
[EventCountry "UKR"]
[SourceTitle "CBM 142 Extra"]
[Source "ChessBase"]
[SourceDate "2011.06.27"]
[SourceVersion "1"]
[SourceVersionDate "2011.06.27"]
[SourceQuality "1"]
[WhiteTeam "Chernigov With no mercy"]
[BlackTeam "Podillya Region"]
[WhiteTeamCountry "UKR"]
[BlackTeamCountry "UKR"]

1. Nf3 g6 2. c4 Bg7 3. d4 f5 4. Nc3 Nf6 5. g3 0-0 6. Bg2 d6 7. 0-0 Qe8 8. d5 c5 9. Qc2 Na6 10. Bd2 h6 11. Rad1 g5 12. a3 Qh5 13. e3 Nc7 14. b4 e5 15. dxe6 Bxe6 16. bxc5 dxc5 17. Ne5 Ne4 18. Nxe4 fxe4 19. g4 Bxg4 20. Nxg4 Qxg4 21. Qxe4 Qxe4 22. Bxe4 Rab8 23. Bc1 Rfe8 24. Bf3 Re7 25. a4 b6 26. Rd3 Rf8 27. Kg2 Be5 28. Bg4 Ne8 29. Rd7 Rxd7 30. Bxd7 Nf6 31. Be6+ Kg7 32. Rd1 Re8 33. Bf5 Kf7 34. h3 Rg8 35. Kf3 Ke7 36. Ke2 Rf8 37. Ba3 h5 38. Rg1 Ne8 39. Bd3 Bf6 40. a5 Kd7 41. Rb1 Kc7 42. axb6+ axb6 43. Bb2 Bxb2 44. Rxb2 Nf6 45. Ra2 Nd7 46. Be4 Kd6 47. Ra6 g4 48. h4 Rf6 49. f4 gxf3+ 50. Bxf3 Ke7 51. Ra7 Kd8 52. Ra8+ Ke7 53. Rh8 Ne5 54. Bd5 Kd6 55. Rb8 Ke7 56. Rb7+ Nd7 57. Bf3 Rh6 58. Rc7 Kd8 59. Ra7 Ne5 60. Bd5 Ng6 61. e4 Nxh4 62. Rb7 Ng6 63. Ke3 h4 64. Rxb6 h3 0-1

[Event "UKR-chT Clubs"]
[Site "Alushta"]
[Date "2011.05.14"]
[Round "2.4"]
[White "Demkovich, Anatoliy"]
[Black "Brusilovskiy, Boris"]
[Result "1-0"]
[WhiteElo "2424"]
[BlackElo "2081"]
[PlyCount "69"]
[EventDate "2011.05.13"]
[EventType "team-tourn"]
[EventRounds "9"]
[EventCountry "UKR"]
[SourceTitle "CBM 142 Extra"]
[Source "ChessBase"]
[SourceDate "2011.06.27"]
[SourceVersion "1"]
[SourceVersionDate "2011.06.27"]
[SourceQuality "1"]
[WhiteTeam "Podillya Region"]
[BlackTeam "Crimea Stars"]
[WhiteTeamCountry "UKR"]
[BlackTeamCountry "UKR"]

1. e4 d5 2. exd5 c6 3. d4 cxd5 4. c4 e6 5. Nc3 Nf6 6. a3 Be7 7. Nf3 0-0 8. Bg5 Nbd7 9. Bd3 h6 10. Bh4 dxc4 11. Bxc4 b6 12. 0-0 Bb7 13. Re1 Re8 14. Qe2 a6 15. Rad1 Qc7 16. Ne5 Rac8 17. Bxa6 Nxe5 18. dxe5 Nd5 19. Nxd5 exd5 20. Bxe7 Rxe7 21. Bxb7 Qxb7 22. Qb5 Rc5 23. Qd3 Qc7 24. b4 Rc3 25. Qxd5 Rxa3 26. e6 Rc3 27. g3 Rc2 28. exf7+ Rxf7 29. Re8+ Kh7 30. Qe4+ g6 31. Rdd8 Rc1+ 32. Kg2 Qc3 33. Rh8+ Qxh8 34. Rxh8+ Kxh8 35. Qxg6 1-0

[Event "UKR-chT Clubs"]
[Site "Alushta"]
[Date "2011.05.13"]
[Round "1.4"]
[White "Demkovich, Anatoliy"]
[Black "Lastin, Alexander"]
[Result "0-1"]
[WhiteElo "2424"]
[BlackElo "2617"]
[PlyCount "154"]
[EventDate "2011.05.13"]
[EventType "team-tourn"]
[EventRounds "9"]
[EventCountry "UKR"]
[SourceTitle "CBM 142 Extra"]
[Source "ChessBase"]
[SourceDate "2011.06.27"]
[SourceVersion "1"]
[SourceVersionDate "2011.06.27"]
[SourceQuality "1"]
[WhiteTeam "Podillya Region"]
[BlackTeam "Chernigov DAN"]
[WhiteTeamCountry "UKR"]
[BlackTeamCountry "UKR"]

1. e4 c6 2. d4 d5 3. e5 Bf5 4. Be3 e6 5. c4 Nd7 6. Nc3 Ne7 7. Rc1 h6 8. Nf3 Bh7 9. c5 Nf5 10. b4 Be7 11. Bd3 0-0 12. 0-0 f6 13. Bd2 fxe5 14. dxe5 a5 15. a3 axb4 16. axb4 Qc7 17. Re1 Rf7 18. Ne2 Nf8 19. Ned4 Qd7 20. Ra1 Rxa1 21. Qxa1 Bd8 22. Bxf5 Bxf5 23. Nxf5 Rxf5 24. Nd4 Rf7 25. f4 Qc8 26. f5 Bc7 27. g4 Re7 28. Bf4 exf5 29. gxf5 Qe8 30. f6 gxf6 31. Kh1 Bxe5 32. Rg1+ Rg7 33. Rxg7+ Kxg7 34. Nf5+ Kh7 35. Bxe5 Qxe5 36. Qxe5 fxe5 37. Nd6 Ne6 38. Nxb7 Kg6 39. Kg2 Kf6 40. Kg3 Nd4 41. Na5 Ke6 42. Kg4 Kd7 43. h4 Kc7 44. h5 e4 45. Kf4 Ne6+ 46. Ke3 Ng7 47. Nb3 Nxh5 48. Nd4 Ng7 49. Kf4 h5 50. Ke5 h4 51. Kf4 Kd7 52. Kg4 Ne6 53. Nf5 h3 54. Kxh3 Nf4+ 55. Kg4 Nd3 56. Nd4 Nxb4 57. Nb3 Nd3 58. Kg3 Ke7 59. Kg2 Nb4 60. Kf2 Nc2 61. Ke2 Kd7 62. Kd2 Na3 63. Ke3 Nb5 64. Kf4 Nc7 65. Kg3 Ne6 66. Kg4 Ke7 67. Kg3 d4 68. Na5 Kd7 69. Nb3 Kc7 70. Kf2 Kd7 71. Kg3 Ke8 72. Na5 d3 73. Kf2 d2 74. Ke2 e3 75. Nc4 Nf4+ 76. Kd1 Nd5 77. Nb2 Ke7 0-1

[Event "UKR-ch sf"]
[Site "Alushta"]
[Date "2011.05.10"]
[Round "8"]
[White "Grebeniuk, Semen"]
[Black "Demkovich, Anatoliy"]
[Result "0-1"]
[WhiteElo "2229"]
[BlackElo "2424"]
[PlyCount "88"]
[EventDate "2011.05.03"]
[EventType "swiss"]
[EventRounds "9"]
[EventCountry "UKR"]
[SourceTitle "CBM 142 Extra"]
[Source "ChessBase"]
[SourceDate "2011.06.27"]
[SourceVersion "1"]
[SourceVersionDate "2011.06.27"]
[SourceQuality "1"]

1. d4 Nf6 2. Nf3 g6 3. Bg5 d5 4. Nbd2 Bg7 5. e3 0-0 6. c4 Ne4 7. Bf4 c5 8. Rc1 cxd4 9. exd4 Bg4 10. Qb3 Nxd2 11. Bxd2 Bxf3 12. Qxf3 Nc6 13. cxd5 Nxd4 14. Qe4 e6 15. dxe6 Re8 16. Bc4 Nxe6 17. Be3 Bxb2 18. 0-0 Bxc1 19. Bxc1 Qd4 20. Qe2 Nf4 21. Bxf7+ Kxf7 22. Qf3 g5 23. Qxb7+ Kg8 24. Bb2 Rab8 25. Qxb8 Rxb8 26. Bxd4 Ne2+ 27. Kh1 Nxd4 28. h4 gxh4 29. Rd1 Rd8 30. Rd3 Rd6 31. Kh2 a6 32. Kh3 Kg7 33. Ra3 Nf5 34. Kg4 Kg6 35. Ra5 h5+ 36. Kf4 Rf6 37. Ra4 Nh6+ 38. Ke4 Rxf2 39. Rxa6+ Kg5 40. Ra7 Nf5 41. Ra8 Ng3+ 42. Ke3 Rxg2 43. Kf3 h3 44. Rg8+ Kh4 0-1

[Event "UKR-ch sf"]
[Site "Alushta"]
[Date "2011.05.09"]
[Round "7"]
[White "Demkovich, Anatoliy"]
[Black "Yastreb, Konstantin"]
[Result "1-0"]
[WhiteElo "2424"]
[BlackElo "2226"]
[PlyCount "145"]
[EventDate "2011.05.03"]
[EventType "swiss"]
[EventRounds "9"]
[EventCountry "UKR"]
[SourceTitle "CBM 142 Extra"]
[Source "ChessBase"]
[SourceDate "2011.06.27"]
[SourceVersion "1"]
[SourceVersionDate "2011.06.27"]
[SourceQuality "1"]

1. e4 d6 2. d4 Nf6 3. f3 e5 4. dxe5 dxe5 5. Qxd8+ Kxd8 6. Bc4 Ke8 7. a4 a5 8. Ne2 Bc5 9. b3 Nbd7 10. Bb2 Ke7 11. Nc1 Re8 12. Na3 c6 13. Nd3 Bd4 14. Bxd4 exd4 15. 0-0-0 Rd8 16. Rd2 b6 17. e5 Ne8 18. Nf2 c5 19. Re1 Nc7 20. f4 Bb7 21. Rd3 Nd5 22. Rg3 g6 23. Bxd5 Bxd5 24. Nb5 Rac8 25. Ne4 Rc6 26. Ned6 Be6 27. Rd3 f6 28. exf6+ Nxf6 29. Nc4 Nd7 30. Rh3 Rh8 31. g4 Kf6 32. Na7 Bxg4 33. Rg3 Re6 34. Ne5 Rxe5 35. fxe5+ Nxe5 36. Rxe5 Kxe5 37. Rxg4 Rf8 38. Rg2 Rf3 39. Kd2 Kd5 40. Nb5 Rh3 41. Na3 Kc6 42. Rf2 g5 43. Nc4 h5 44. Ne5+ Kd5 45. Nf3 g4 46. Ng5 Re3 47. Nh7 Kc6 48. Rf6+ Kc7 49. Ng5 Re5 50. Ne6+ Kd7 51. Nf4 Rg5 52. Rh6 Rf5 53. Nd3 Kc7 54. Ke2 Kb7 55. Kd2 Kc7 56. c3 dxc3+ 57. Kxc3 Kb7 58. Kc4 Kc7 59. Re6 Rf3 60. Re7+ Kc6 61. Re2 Kd6 62. Rd2 Kc7 63. Ne5 Rf4+ 64. Kd5 h4 65. Ke6 Rb4 66. Rd7+ Kc8 67. Nc4 Rxb3 68. Nd6+ Kb8 69. Kd5 c4 70. Kc6 c3 71. Rd8+ Ka7 72. Nc8+ Ka6 73. Rd7 1-0

[Event "UKR-ch sf"]
[Site "Alushta"]
[Date "2011.05.06"]
[Round "4"]
[White "Goreskul, Alyona"]
[Black "Demkovich, Anatoliy"]
[Result "1-0"]
[WhiteElo "2210"]
[BlackElo "2424"]
[PlyCount "80"]
[EventDate "2011.05.03"]
[EventType "swiss"]
[EventRounds "9"]
[EventCountry "UKR"]
[SourceTitle "CBM 142 Extra"]
[Source "ChessBase"]
[SourceDate "2011.06.27"]
[SourceVersion "1"]
[SourceVersionDate "2011.06.27"]
[SourceQuality "1"]

1. e4 e5 2. Bc4 c6 3. d4 Nf6 4. dxe5 Nxe4 5. Qe2 Nc5 6. Be3 b5 7. Bb3 Qa5+ 8. Nd2 Nxb3 9. cxb3 Be7 10. Ngf3 0-0 11. 0-0 b4 12. Nc4 Ba6 13. Qc2 Qd5 14. Rfd1 Qe6 15. Nd4 Qg6 16. Nf5 Bd8 17. Rd6 f6 18. exf6 Rxf6 19. Rxf6 Qxf6 20. Bd4 Qe6 21. Nxg7 Qg6 22. Nf5 d5 23. Ne5 Qe6 24. Re1 Nd7 25. Qxc6 Qxc6 26. Nxc6 Kf8 27. Ng7 Bf6 28. Ne6+ Kf7 29. Bxf6 Kxf6 30. Nc7 Rc8 31. Nxd5+ Kg5 32. Ncxb4 Bb7 33. f4+ Kg4 34. h3+ Kh4 35. Ne7 Rc5 36. Nd3 Rb5 37. Kf2 Nf6 38. Re6 Ne4+ 39. Ke3 Ng3 40. Rh6+ Nh5 1-0

[Event "UKR-ch sf"]
[Site "Alushta"]
[Date "2011.05.04"]
[Round "2"]
[White "Berezka, Alexandr"]
[Black "Demkovich, Anatoliy"]
[Result "0-1"]
[WhiteElo "2142"]
[BlackElo "2424"]
[PlyCount "100"]
[EventDate "2011.05.03"]
[EventType "swiss"]
[EventRounds "9"]
[EventCountry "UKR"]
[SourceTitle "CBM 142 Extra"]
[Source "ChessBase"]
[SourceDate "2011.06.27"]
[SourceVersion "1"]
[SourceVersionDate "2011.06.27"]
[SourceQuality "1"]

1. d4 f5 2. g3 Nf6 3. Bg2 g6 4. c4 Bg7 5. Nc3 d6 6. Nf3 0-0 7. 0-0 Qe8 8. Bg5 c6 9. Qd2 e5 10. Bh6 e4 11. Ne1 Bxh6 12. Qxh6 Be6 13. b3 d5 14. c5 b6 15. Nc2 Qe7 16. b4 Ng4 17. Qd2 a5 18. a3 axb4 19. axb4 Rxa1 20. Rxa1 b5 21. f3 Nf6 22. Qc1 Nh5 23. f4 g5 24. e3 Bc8 25. Ra8 Na6 26. fxg5 Qb7 27. Qd1 Ng7 28. Rxa6 Qxa6 29. h4 Bd7 30. Bf1 Be8 31. Be2 Qa7 32. Kg2 Ne6 33. Kh2 Qc7 34. Kg2 h6 35. gxh6 Kh7 36. Qf1 Kxh6 37. Qf2 Bg6 38. Bd1 Qf7 39. Na1 Bh5 40. Bxh5 Qxh5 41. Nb3 Rg8 42. Kh2 Qf3 43. Qxf3 exf3 44. Nd1 Kh5 45. Nd2 f4 46. exf4 Nxf4 47. Nxf3 Ne2 48. Ng5 Nxd4 49. Ne3 Re8 50. Nf1 Kg4 0-1

[Event "Donetsk Masters 1st"]
[Site "Donetsk"]
[Date "2011.03.05"]
[Round "12"]
[White "Demkovich, Anatoliy"]
[Black "Vatinyan, Gor"]
[Result "1/2-1/2"]
[WhiteElo "2404"]
[BlackElo "1960"]
[PlyCount "139"]
[EventDate "2011.02.25"]
[EventType "tourn (rapid)"]
[EventRounds "13"]
[EventCountry "UKR"]
[EventCategory "1"]
[SourceTitle "CBM 141 Extra"]
[Source "ChessBase"]
[SourceDate "2011.05.03"]
[SourceVersion "1"]
[SourceVersionDate "2011.05.03"]
[SourceQuality "1"]

1. e4 c5 2. Nf3 d6 3. Bb5+ Bd7 4. Bxd7+ Qxd7 5. 0-0 Nc6 6. c4 Nf6 7. Nc3 g6 8. d4 cxd4 9. Nxd4 Bg7 10. Nde2 0-0 11. f3 Rfc8 12. Be3 Qd8 13. b3 a6 14. Qd2 Nd7 15. Rac1 Rab8 16. Nd5 b5 17. cxb5 axb5 18. Bg5 Bf8 19. Nd4 Nxd4 20. Qxd4 h6 21. Be3 e6 22. Nb4 Qf6 23. Qxf6 Nxf6 24. Nc6 Ra8 25. Rf2 Kg7 26. Rfc2 d5 27. Bd4 Ba3 28. Rd1 dxe4 29. fxe4 Ra6 30. Rf2 Raxc6 31. Bxf6+ Kg8 32. Rfd2 Rc1 33. Rxc1 Bxc1 34. Rd7 Bg5 35. Bxg5 hxg5 36. Rb7 Rc1+ 37. Kf2 Rc2+ 38. Kg3 Rxa2 39. e5 b4 40. Rxb4 Ra5 41. Re4 Kg7 42. b4 Ra2 43. h3 Rb2 44. Kf3 f6 45. exf6+ Kxf6 46. Rc4 Rb3+ 47. Kg4 Rb2 48. g3 Rb3 49. Re4 Rc3 50. Rd4 Re3 51. Rc4 Rb3 52. h4 gxh4 53. gxh4 Rb1 54. Rf4+ Kg7 55. Kg5 e5 56. Rc4 Rg1+ 57. Rg4 Rf1 58. Rg3 Rf5+ 59. Kg4 Rf4+ 60. Kg5 Rxb4 61. Ra3 Rb7 62. Ra6 Re7 63. Rxg6+ Kh7 64. Rh6+ Kg7 65. Rg6+ Kh7 66. Ra6 e4 67. Kf6 Rb7 68. Re6 e3 69. Rxe3 Rb6+ 70. Kg5 1/2-1/2

[Event "Donetsk Amitan Memorial"]
[Site "Donetsk"]
[Date "2010.12.26"]
[Round "10"]
[White "Demkovich, Anatoliy"]
[Black "Volovikov, Anton"]
[Result "1-0"]
[WhiteElo "2404"]
[BlackElo "2324"]
[PlyCount "49"]
[EventDate "2010.12.20"]
[EventType "tourn"]
[EventRounds "13"]
[EventCountry "UKR"]
[EventCategory "8"]
[SourceTitle "CBM 140 Extra"]
[Source "ChessBase"]
[SourceDate "2011.03.01"]
[SourceVersion "1"]
[SourceVersionDate "2011.03.01"]
[SourceQuality "1"]

1. e4 c5 2. Nf3 e6 3. Nc3 a6 4. g3 b5 5. Bg2 Bb7 6. d3 d5 7. 0-0 b4 8. exd5 bxc3 9. dxe6 f6 10. bxc3 Bxf3 11. Qxf3 Ra7 12. Rb1 Bd6 13. d4 cxd4 14. cxd4 Rc7 15. Qb3 Rc8 16. c4 Bc7 17. Bb7 Ne7 18. Bxc8 Nxc8 19. d5 Ne7 20. Ba3 0-0 21. Bxe7 Qxe7 22. c5 Qxc5 23. d6 Qxd6 24. e7+ Kh8 25. exf8Q+ 1-0